| 000 | 01867cam a22004694i 4500 | ||
|---|---|---|---|
| 003 | PE-LiUPU | ||
| 005 | 20250731173452.0 | ||
| 008 | 150616s r 000 0 d | ||
| 020 | _a1850755035 | ||
| 035 | _a(Sirsi) i9781850755036 | ||
| 040 |
_aPE-LiUPU _bspa _cPE-LiUPU _erda |
||
| 049 | _aPRUA | ||
| 082 | 0 | 4 |
_a226.6 _bW34 _221 |
| 100 | 1 |
_aWeatherly, Jon A., _eautor. |
|
| 245 | 1 | 0 |
_aJewish Responsibility for the Death of Jesus in Luke-Acts / _cJon A. Weatherly. |
| 264 | 1 |
_aSheffield, England : _bSheffield Academic Press, _c1994. |
|
| 300 |
_a307 cm. ; _c21 centímetros |
||
| 336 |
_atext _2rdacontent |
||
| 337 |
_aunmediated _2rdamedia |
||
| 338 |
_avolume _2rdacarrier |
||
| 490 | 0 |
_aJournal for the Study of the New Testament Supplement ; _v106 |
|
| 505 | 0 | _aA review of researcch on judaism and the death of Jesus in Luke-Acts -- Jerusalem's responsibillity for the death of Jejsus in LLuke-Acts -- Responsibility for the death of Jesus in Paul -- Origins of Jerusalem's responsibility for the death of Jesus in Acts -- Transmission of traditions of responsibility for the death of Jesus. | |
| 526 | _aSEG42 | ||
| 526 | _aSEG41 | ||
| 526 | _aSEG40 | ||
| 526 | _aSEG39 | ||
| 526 | _aP94 | ||
| 526 | _aP87 | ||
| 526 | _aP86 | ||
| 526 | _aP85 | ||
| 526 | _aP77 | ||
| 526 | _aP76 | ||
| 526 | _aP35 | ||
| 630 |
_aBiblia. _pN.T. _pHechos _xComentarios. |
||
| 910 |
_ajck _bjvq _cjck |
||
| 942 |
_2ddc _cBOOK |
||
| 949 |
_a226.6 W34 _wDEWEY _c1 _i39876 _lCCODEBUL1 _mBUL _r0 _sY _tBOOK _u2015-6-16 _xTEOLOGIA _zUNKNOWN _0COMPRA _o.STAFF. Colección General |
||
| 994 |
_aC0 _bPEPRU |
||
| 596 | _a1 | ||
| 999 |
_a226.6 W34 _wDEWEY _c57648 _i39876 _f2021-11-9 _g5 _lCCODEBUL1 _mBUL _r0 _sY _tBOOK _u2015-6-16 _xTEOLOGIA _zUNKNOWN _0COMPRA _o.STAFF. Colección General _d57648 |
||
| 980 |
_81 _gALBERTO SANCHEZ Responsable de Automatización |
||